| 000 | 00455cam a2200169ua 4500 | ||
|---|---|---|---|
| 020 | _c3.60 | ||
| 041 |
_aeng _h |
||
| 082 |
_a610.7206 _bWHO/PA |
||
| 100 | _aWHO, . | ||
| 245 | 0 | 0 | _aPAHO/WHO inter regional conference on the post graduate preparation of health workers for health education |
| 260 |
_aGeneva : _bWorld Health Organisation , _c1964. |
||
| 300 | _a48 ; . | ||
| 365 | _a3.60 | ||
| 504 | _a | ||
| 942 | _cBK | ||
| 999 |
_c5759 _d5759 |
||